| Tag |
First Indicator |
Second Indicator |
Subfields |
| LEADER |
00000cam a2200000 a 4500 |
| 001 |
in00000071592 |
| 005 |
20151008062310.0 |
| 008 |
800804m19809999ne a bd 00000 eng d |
| 020 |
|
|
|a 9004061673 (fasc. 1-2)
|
| 020 |
|
|
|a 9004063838 (fasc. 3-4)
|
| 035 |
|
|
|a (OCoLC)06584571
|
| 035 |
|
|
|a AAJ9932AM
|
| 040 |
|
|
|a LDL
|c LDL
|d TXA
|d UtOrBLW
|
| 043 |
|
|
|a a------
|
| 049 |
|
|
|a TXAM
|
| 090 |
|
|
|a DS37
|b .E523 suppl.
|
| 245 |
0 |
4 |
|a The encyclopaedia of Islam, new edition, supplement /
|c prepared by a number of leading orientalists ; edited by C.E. Bosworth [and others], under the patronage of the International Union of Academies.
|
| 264 |
|
1 |
|a Leiden, The Netherlands :
|b Brill,
|c 1980-
|
| 300 |
|
|
|a volumes :
|b illustrations ;
|c 28 cm.
|
| 336 |
|
|
|a text
|b txt
|2 rdacontent
|
| 337 |
|
|
|a unmediated
|b n
|2 rdamedia
|
| 338 |
|
|
|a volume
|b nc
|2 rdacarrier
|
| 500 |
|
|
|a Cover title.
|
| 500 |
|
|
|a Issued in parts.
|
| 504 |
|
|
|a Includes bibliographical references.
|
| 650 |
|
0 |
|a Islam
|v Dictionaries.
|
| 651 |
|
0 |
|a Islamic countries
|x Dictionaries and encyclopedias.
|
| 700 |
1 |
|
|a Bosworth, Clifford Edmund.
|
| 944 |
|
|
|a stk
|h REPL<129194>REP-LATEST<>REF<warant>
|m Replacement on order
|
| 999 |
|
|
|a MARS
|
| 999 |
f |
f |
|s c41f46a6-856e-37a4-8eb6-26f363812733
|i 47fd43a7-db37-362a-bd50-0daf30ba6da0
|t 0
|
| 952 |
f |
f |
|p ric
|a Texas A&M University
|b Rellis Campus
|c Joint Library Facility
|d Remote Storage
|t 0
|e DS37 .E523 suppl.
|h Library of Congress classification
|i unmediated -- volume
|k fasc.1/2
|m A14837610621
|
| 952 |
f |
f |
|p ric
|a Texas A&M University
|b Rellis Campus
|c Joint Library Facility
|d Remote Storage
|t 0
|e DS37 .E523 suppl.
|h Library of Congress classification
|i unmediated -- volume
|k fasc.3/4
|m A14806100075
|
| 998 |
f |
f |
|a DS37 .E523 suppl.
|s fasc.1/2-3/4
|t 0
|l Remote Storage
|